| 000 | 00413nam a2200145Ia 4500 | ||
|---|---|---|---|
| 008 | 151213s9999 xx 000 0 und d | ||
| 100 | _aPenelop Murray .& T. S. Dorsch | ||
| 245 |
_aClassical Literary Criticism _cPenelop Murray .& T. S. Dorsch |
||
| 260 |
_aU K _bPenguin Clamics _c2004 |
||
| 300 | _a3141 p. | ||
| 650 | _aEnglish | ||
| 650 | _aEnglish | ||
| 700 | _aPenelop Murray .& T. S. Dorsch | ||
| 999 |
_c2166 _d2166 |
||